| 000 | 03074cam a22006734i 4500 | ||
|---|---|---|---|
| 003 | PE-LiUPU | ||
| 005 | 20250731165356.0 | ||
| 008 | 130524s2012 ck a rb 000 0 spa d | ||
| 020 | _a9586487571 | ||
| 020 | _a9789586487573 | ||
| 035 | _a(Sirsi) i9789586487573 | ||
| 040 |
_aZCU _bspa _erda _cZCU _dZCU _dOCLCF _dOCLCO _dOCL _dPE-LiUPU |
||
| 049 | _aPRUA | ||
| 050 | 4 |
_aT11 _b.C58 2012 |
|
| 082 | 0 | 4 |
_a001.4 _bC65 2012 |
| 100 | 1 |
_aCisneros Estupiñán, Mireya, _eautor. |
|
| 245 | 1 | 0 |
_aRedacción y publicación de artículos científicos : _benfoque discursivo / _cMireya Cisneros Estupiñan, Giohanny Olave Arias. |
| 250 | _aPrimera edición. | ||
| 264 | 1 |
_aBogotá : _bEcoe Ediciones, _c2012. |
|
| 300 |
_a139 páginas : _bilustraciones ; _c24 centímetros. |
||
| 336 |
_atext _2rdacontent |
||
| 337 |
_aunmediated _2rdamedia |
||
| 338 |
_avolume _2rdacarrier |
||
| 490 | 0 | _aColección: Educación y pedagogía. Área: Lingüística | |
| 504 | _aBibliografía : páginas 133-139. | ||
| 505 | 0 | _aLas publicaciones científicas en la actualidad -- Los elementos lingüísticos del artículo científico -- El proceso de elaboración de artículos científicos -- Las fuentes bibliográficas -- El proceso de publicación de artículos científicos. | |
| 526 | _aSEG44 | ||
| 526 | _aSEG26 | ||
| 526 | _aP151 | ||
| 526 | _aP150 | ||
| 526 | _aP149 | ||
| 526 | _aP146 | ||
| 526 | _aP145 | ||
| 526 | _aP126 | ||
| 526 | _aP125 | ||
| 526 | _aP92 | ||
| 526 | _aP75 | ||
| 526 | _aP74 | ||
| 526 | _aP27 | ||
| 526 | _aP15 | ||
| 541 | _g002-00000055; | ||
| 650 | 4 |
_aMetodología científica _vGuías. |
|
| 650 | 4 |
_aRedacción de escritos científicos _vGuías. |
|
| 650 | 4 |
_aRedacción de escritos técnicos _vGuías. |
|
| 650 | 4 |
_aRedacción de informes _vGuías. |
|
| 700 | 1 |
_aOlave Arias, Giohanny, _eautor. |
|
| 910 |
_atqv _bwelc _cwelc _d20160704 |
||
| 910 |
_adbm _bncf _cncf _d20180528 |
||
| 942 |
_2ddc _cBOOK |
||
| 949 |
_a001.4 C65 2012 _wDEWEY _c1 _iFJ00611 _lSTACKS _mBUJ _p15.71 _r0 _sY _tBOOK _u2016-7-4 _xSALUD _PP22 _0COMPRA _o.STAFF. Colección General Juliaca |
||
| 949 |
_a001.4 C65 2012 _wDEWEY _c2 _iFJ00612 _lSTACKS _mBUJ _p15.71 _r0 _sY _tBOOK _u2016-7-4 _xSALUD _PP22 _0COMPRA _o.STAFF. Colección General Juliaca |
||
| 994 |
_aC0 _bPEPRU |
||
| 596 | _a1 3 | ||
| 999 |
_a001.4 C65 2012 _wDEWEY _c6648 _iFJ00611 _d6648 _e2018-8-24 _f2021-12-27 _g4 _lCCODECWJ1 _mBUJ _n6 _p15.71 _q3 _r0 _sY _tBOOK _u2016-7-4 _xSALUD _PP22 _0COMPRA _o.STAFF. Colección General Juliaca |
||
| 999 |
_a001.4 C65 2012 _wDEWEY _c2 _iFJ00612 _d2019-5-30 _e2018-5-31 _f2021-12-27 _g4 _lCCODECWJ1 _mBUJ _n5 _p15.71 _q5 _r0 _sY _tBOOK _u2016-7-4 _xSALUD _PP22 _0COMPRA _o.STAFF. Colección General Juliaca |
||
| 999 |
_a001.4 C65 2012 _wDEWEY _c1 _i78630 _d2018-9-9 _e2018-9-2 _f2021-11-4 _g4 _lCCODEBUL1 _mBUL _n2 _p19.57 _r0 _sY _tBOOK _u2018-5-28 _xBIBLIOTECA _PP69 _0COMPRA _1FCOMPRA _o.STAFF. Colección Ciencias de la Salud |
||
| 980 |
_81 _gALBERTO SANCHEZ Responsable de Automatización |
||